000
00283 a2200121 4500
000
nam a22 7a 4500
005
20260130122211.0
020
_a
9781835350720
100
_a
Pink D.
_9
1112938
245
_a
Psychology Of Forensic
260
_b
Edtech Press
_c
2026
942
_c
TEXL
999
_c
1678417
_d
1678417